00686nam a2200229 a 450000100060000000300080000600500170001400800390003102000220007003500190009204000320011104100080014308200260015110000290017724500790020626000370028530000330032250400410035565000160039670000240041270000200043615857BD-RjUL20211208235910.0140211s1981 maua b 001 0 eng a0316107999 (pbk.) a(BD-RjUL)15912 aDLCcDLCdDLCdBD-RjULbeng aeng00a650.019220bBRM 19811 aBrief, Arthur P.,d1946-10aManaging job stress /cArthur P. Brief, Randall S. Schuler, Mary Van Sell. aBoston :bLittle, Brown,cc1981. axi, 247 p. :bill. ;c23 cm. aBibliography: p. 203-233. and index. 0aJob stress.1 aSchuler, Randall S.1 aVan Sell, Mary.